LEADER 01591nam a2200361 a 4500 001 000000135732 003 CaOOAMICUS 005 20131009162221.0 008 131009s2013 ne u000 u eng r 020 $z9789004251205* 040 $aPUL$bita 041 0 $aeng$afre 082 04$a180 245 10$aProtagoras of Abdera :$bthe man, his measure /$cedited by Johannes M. van Ophuijsen, Marlein van Raalte, Peter Stork. 260 $aLeiden ;$aBoston :$bBrill,$c2013. 300 $aX, 332 p. ;$c25 cm 490 1 $aPhilosophia antiqua ;$v134 504 $aContiene indicazioni bibliografiche (p. [259]-304) e indice. 546 $aInterventi in inglese e francese. 600 04$aProtagoras,$cdi Abdera,$dsec. V a.C.$0(OLS)http://pul/subject/23860 650 4$aSofisti (filosofia greca).$0(OLS)http://pul/subject/3376 700 1 $aOphuijsen, Johannes M. van,$d1953-$0(OLS)http://pul/name/87401 700 1 $aStork, Peter.$0(OLS)http://pul/name/87402 700 1 $aRaalte, Marlein van,$d1952-$0(OLS)http://pul/name/87403 830 0$aPhilosophia antiqua ;$v134.$0(OLS)http://pul/title/2231 850 $aPUL 852 $aPUL$W1$xSL Filosofia 3$y81$m180 COLL 3.134$j156527$qDDC 21$B155875$CPULBib$Z2$F155875 $H123009 $82 941 1 $a9 996 $6020$z9789004251205*$9(OLS)http://pul/number/153705 996 $6082$a180$9(OLS)http://pul/classification/366 996 $6245$aProtagoras of Abdera :$bthe man, his measure$9(OLS)http://pul/title/171600 996 $6260$aLeiden ;$aBoston :$bBrill$9(OLS)http://pul/publisher/68781 LEADER 01213nam a2200253 i 4500 001 000000114196 003 CaOOAMICUS 005 20081222165305.0 008 081222s2007 it a u000 u ita r 040 $aPUL$bita$dLDB 100 1 $aLingiardi, Vittorio,$d1960-$0(OLS)http://pul/name/34583 245 10$aCompagni d'amore :$bda Ganimede a Batman, identità e mito nelle omosessualità maschili /$cVittorio Lingiardi. 260 $aMilano :$bR.C.S. Libri ;$aMilano :$bFabbri,$cc2007. 300 $a256 p. :$bill. ;$c22 cm. 490 1 $aLa grande biblioteca della psicologia 504 $aBibliografia : p. [221]-236. 650 14$aOmosessualità.$0(OLS)http://pul/subject/16263 830 3$aLa grande biblioteca della psicologia.$0(OLS)http://pul/title/132327 850 $aPUL 852 $aPUL$W1$xSL Filosofia 3$y81$m150 COLL 2.86$j130487$qDDC 21$B129558$CPULBib$Z2$F129558 $H109111 $82 941 1 $a9 996 $6245$aCompagni d'amore :$bda Ganimede a Batman, identità e mito nelle omosessualità maschili$9(OLS)http://pul/title/143517 996 $6260$aMilano :$bR.C.S. Libri$9(OLS)http://pul/publisher/74600 996 $6260$aMilano :$bFabbri$9(OLS)http://pul/publisher/55162